<?xml version="1.0" encoding="UTF-8"?>
<record
    xmlns:xsi="http://www.w3.org/2001/XMLSchema-instance"
    xsi:schemaLocation="http://www.loc.gov/MARC21/slim http://www.loc.gov/standards/marcxml/schema/MARC21slim.xsd"
    xmlns="http://www.loc.gov/MARC21/slim">

  <leader>01459nam a2200301 a 4500</leader>
  <controlfield tag="001">BRCA_5022</controlfield>
  <controlfield tag="005">20190320204916.0</controlfield>
  <controlfield tag="008">011110s1789----mx-######v---#000-0#spa-#</controlfield>
  <datafield tag="041" ind1=" " ind2=" ">
    <subfield code="a">spa</subfield>
  </datafield>
  <datafield tag="044" ind1=" " ind2=" ">
    <subfield code="a">mx</subfield>
  </datafield>
  <datafield tag="084" ind1=" " ind2=" ">
    <subfield code="a">DOC79</subfield>
    <subfield code="b">.B67</subfield>
    <subfield code="c">1789</subfield>
  </datafield>
  <datafield tag="100" ind1="1" ind2=" ">
    <subfield code="a">Borda, Manuel de la</subfield>
    <subfield code="9">12812</subfield>
  </datafield>
  <datafield tag="245" ind1="1" ind2="0">
    <subfield code="a">Documento expedido por Don Manuel de la Borda</subfield>
    <subfield code="c">Manuel de la Borda ;  Pedro Alonso de Aller D&#xED;az.</subfield>
  </datafield>
  <datafield tag="260" ind1=" " ind2=" ">
    <subfield code="a">M&#xE9;xico</subfield>
    <subfield code="c">1789</subfield>
  </datafield>
  <datafield tag="300" ind1=" " ind2=" ">
    <subfield code="a">[29] fojas</subfield>
    <subfield code="c">31 x 21 cm</subfield>
  </datafield>
  <datafield tag="500" ind1=" " ind2=" ">
    <subfield code="a">Documento firmado el 26 de agosto de 1789.</subfield>
  </datafield>
  <datafield tag="500" ind1=" " ind2=" ">
    <subfield code="a">Poder otorgado por el Dr. Don Manuel de la Borda, cl&#xE9;rigo Presb&#xED;tero, al se&#xF1;or Pedro Alonso de Aller D&#xED;az, Caballero Profeso de la Orden de Calatrava, Contador Mayor Honorario del Real Tribunal, y Audiencia de Cuentas de la Nueva Espa&#xF1;a.</subfield>
  </datafield>
  <datafield tag="500" ind1=" " ind2=" ">
    <subfield code="a">Contiene sello con el escudo de la casa de Borb&#xF3;n y el lema: &#xB4;SELLO SEGUNDO. SEIS REALES. A&#xD1;OS DE MIL SETECIENTOS OCHENTA Y OCHO. Y OCHENTA Y NUEVE&#xB4;.</subfield>
  </datafield>
  <datafield tag="500" ind1=" " ind2=" ">
    <subfield code="a">El documento contiene la leyenda DOC. #239.</subfield>
  </datafield>
  <datafield tag="506" ind1="0" ind2=" ">
    <subfield code="a">Fondo Reservado. Para su consulta es necesario credencial de usuario y carta de motivos.</subfield>
  </datafield>
  <datafield tag="546" ind1=" " ind2=" ">
    <subfield code="a">Texto en: Espa&#xF1;ol de finales del siglo XVIII.</subfield>
  </datafield>
  <datafield tag="600" ind1="1" ind2="4">
    <subfield code="a">Borda, Manuel de la</subfield>
    <subfield code="c">Presb&#xED;tero</subfield>
    <subfield code="x">Historia</subfield>
    <subfield code="9">12813</subfield>
  </datafield>
  <datafield tag="650" ind1="1" ind2="4">
    <subfield code="a">Documentos legales</subfield>
    <subfield code="v">Manuscritos</subfield>
    <subfield code="x">Historia</subfield>
    <subfield code="9">12814</subfield>
  </datafield>
  <datafield tag="651" ind1=" " ind2="4">
    <subfield code="a">M&#xE9;xico</subfield>
    <subfield code="x">Historia</subfield>
    <subfield code="y">Colonia, 1521-1821</subfield>
    <subfield code="9">12461</subfield>
  </datafield>
  <datafield tag="700" ind1="1" ind2=" ">
    <subfield code="a">Aller D&#xED;az, Pedro Alonso de</subfield>
    <subfield code="9">12815</subfield>
  </datafield>
  <datafield tag="902" ind1=" " ind2=" ">
    <subfield code="a">FDH</subfield>
  </datafield>
  <datafield tag="942" ind1=" " ind2=" ">
    <subfield code="2">lcc</subfield>
    <subfield code="c">D</subfield>
  </datafield>
  <datafield tag="999" ind1=" " ind2=" ">
    <subfield code="c">4716</subfield>
    <subfield code="d">4716</subfield>
  </datafield>
  <datafield tag="952" ind1=" " ind2=" ">
    <subfield code="0">0</subfield>
    <subfield code="1">0</subfield>
    <subfield code="4">0</subfield>
    <subfield code="7">0</subfield>
    <subfield code="a">BRCA</subfield>
    <subfield code="b">BRCA</subfield>
    <subfield code="d">2010-11-01</subfield>
    <subfield code="l">0</subfield>
    <subfield code="o">DOC79 .B67 1789</subfield>
    <subfield code="p">5110</subfield>
    <subfield code="r">2019-03-22 00:00:00</subfield>
    <subfield code="w">2019-03-22</subfield>
    <subfield code="y">D</subfield>
  </datafield>
</record>
